Statistiques concernant Buteurs en finale de coupe du monde de football (1998-2022)

Cliquez ici pour prendre le quiz!

Statistiques générales

  • Ce quiz a été pris 511 fois
  • Le résultat moyen est 17 sur 21

Statistiques - réponses

HintRéponse% Correct
2022Kylian Mbappé
100%
2022Kylian Mbappé
100%
2022Kylian Mbappé
100%
2018Kylian Mbappe
100%
2022Lionel Messi
96%
2022Lionel Messi
96%
1998Zinédine Zidane
93%
2006Zinédine Zidane
93%
1998Zinédine Zidane
93%
2018Antoine Griezmann
91%
2018Paul Pogba
90%
2002Ronaldo
78%
2002Ronaldo
78%
2010Andres Iniesta
76%
1998Emmanuel Petit
64%
2022Angel Di Maria
63%
2014Mario Götze
61%
2018 (csc)Mario Mandzukic
54%
2018Mario Mandzukic
54%
2018Ivan Perisic
49%
2006Marco Materazzi
33%

Distribution des résultats

Percentile par nombre de réponses

% des personnes avec chaque résultat

Votre développement - résultats

Vous n’avez pas pris ce quiz